Julius Kardinal Dopfner: Konzilstagebücher, Briefe und Notizen zum Zweiten Vatikanischen Konzil
Gespeichert in:
| 1. Verfasser: | |
|---|---|
| Format: | Buch |
| Sprache: | Deutsch |
| Veröffentlicht: |
Ratisbona
Schnell und Steiner
2006
|
| Ausgabe: | 1a. ed |
| Schriftenreihe: | Schriften des Archivs des Erzbistums München und Freising, 9
|
| Schlagworte: | |
| Tags: |
Tag hinzufügen
Keine Tags, Fügen Sie den ersten Tag hinzu!
|
MARC
| LEADER | 00000cam a2200000 a 4500 | ||
|---|---|---|---|
| 001 | UCD7126 | ||
| 003 | CL-VaPUC | ||
| 008 | 170309e20060000gw |||||||||||||||||ger|d | ||
| 020 | |a 3795417710 | ||
| 082 | 0 | 4 | |a 262.5 |b TRE |2 21 |
| 100 | 0 | |a Treffler, Guido |e author |9 591048 | |
| 245 | 1 | 0 | |a Julius Kardinal Dopfner: Konzilstagebücher, Briefe und Notizen zum Zweiten Vatikanischen Konzil |
| 250 | |a 1a. ed | ||
| 300 | |a 730 p | ||
| 942 | |c BK | ||
| 945 | |d 20170309 22:28:00 |a dcastane | ||
| 260 | |a Ratisbona |b Schnell und Steiner |c 2006 | ||
| 650 | 0 | |a Historia de la iglesia |9 257565 | |
| 650 | 0 | |a Concilio Vaticano II |9 258399 | |
| 583 | |a last modification |c 20170309 22:28:00 |k Rodrigo Vera | ||
| 490 | 0 | |a Schriften des Archivs des Erzbistums München und Freising, 9 | |
| 999 | |c 367238 |d 367236 | ||
| 952 | |0 0 |1 0 |3 erd |4 0 |6 262_500000000000000_TRE_2006 |7 0 |8 DER_HDC |9 481993 |a BIBDER |b BIBDER |i 5364434 |o 262.5 TRE 2006 |p 5364434 |r 2023-01-25 |w 2019-11-24 |x Ubicación 4to Piso |y BK |z Estos recursos deben solicitarse con anticipación |k DER | ||